000 00573nam a2200217 a 4500
001 BRCA_7970
005 20190320210057.0
008 110314t1954----enka###f##---#000-0#eng-#
041 _aeng
044 _aenk
050 4 _aDP43
_b.H85
_c1954
100 1 _aHurlimann, Martin
_919759
245 1 0 _aSpain
_cMartin Hurlimann.
260 _aLondon
_bThames & Hudson
_c1954
300 _a224 p.
_bil. a color, 8 láminas
_c31 cm.
500 _a3141
651 4 _aEspaña
_vHistoria
_919760
651 4 _aEspaña
_vDescripción y viajes
_911311
902 _aGFM
942 _2lcc
_cB
999 _c7639
_d7639